| 000 | 00369cam a22001217a 4500 | ||
|---|---|---|---|
| 008 | 180718b1982 xxu||||| |||| 00| 0 eng d | ||
| 082 | _aN4x42 B813 | ||
| 100 | _aBrown, John | ||
| 245 |
_aPolicing by multi-racial cosnsent: the Handeworth experience _cby John Brown |
||
| 260 |
_aLondon _bBedford Square Press _c1982 |
||
| 300 | _a174p. | ||
| 650 | _aPolice - United Kingdom | ||
| 999 |
_c342904 _d342904 |
||